000 00375nam a2200181Ia 4500
001 364
005 20260306140512.0
008 260306t2001||||xx |||||||||||||| ||spa||
041 _aESP
082 _a110
_bA159
100 _aAlvira, Tomas
_eAUT
245 0 _aMetafĂ­sica
260 _c2001
300 _a
_c
650 _aGEN
654 _aCHU
942 _cLIB
_dJUS
_fJUS
_2ddc
_n
999 _c364
_d364